Ewige Tabelle der Fußballweltmeisterschaften - Statistiken

Allgemein
  • Dieses Quiz wurde 276 mal gespielt
  • Das Durchschnittsergebnis liegt bei 24 aus 30
Antwortstatistiken
Spiele Tordifferenz Punkte Antwort % Korrekt
114 129 247 Brasilien
100%
112 102 225 Deutschland
100%
88 51 158 Argentinien
99%
73 51 131 Frankreich
98%
83 51 156 Italien
97%
67 33 110 Spanien
97%
35 20 57 Portugal
95%
74 36 118 England
93%
55 44 104 Niederlande
93%
51 -5 73 Belgien
92%
51 7 70 Schweden
90%
37 -26 35 Vereinigte Staaten
90%
38 -1 57 Polen
89%
41 -18 50 Schweiz
88%
59 13 88 Uruguay
87%
25 -8 27 Japan
85%
29 -4 40 Österreich
85%
23 2 33 Dänemark
83%
60 -39 66 Mexiko
83%
30 10 47 Kroatien
74%
33 -9 40 Chile
73%
22 2 30 Kolumbien
73%
38 -39 31 Südkorea
73%
32 30 48 Ungarn
72%
31 19 51 Sowjetunion
56%
37 14 56 Jugoslawien
52%
21 -2 29 Rumänien
47%
27 -8 31 Paraguay
44%
30 -1 38 Tschechoslowakei
42%
21 -17 23 Costa Rica
33%
Keine übereinstimmenden Quizze gefunden
Verteilung der Resultate
Anzahl Personen mit jedem Resultat
Perzentil nach korrekt beantworteten Fragen
Ihre Resultats-Entwicklung
Sie haben dieses Quiz noch nicht gespielt